000 00585nam a2200229Ia 4500
003 OSt
005 20220918204626.0
006 a|||||r|||| 00| 0
007 ta
008 220917b |||||||| |||| 00| 0 eng d
024 _a113,522
037 _cTextual
040 _aARTS
_cARTS
_beng
041 _2eng
_aeng
082 _aV53:8-1:L9, K3-;2
100 _aStewart J H
_9112610
245 0 _aDocumentary survey of the French revolution
260 _c1963
650 _aHISTORY
942 _hV53:8-1:L9, K3-;2
_cTEXL
_2CC
999 _c236855
_d236855